[Event "IX Floripa Chess Open Fort Atacadista"]
[Site "Florianópolis - Santa Catari"]
[Date "2023.01.27"]
[Round "7.207"]
[White "Dionisio, Alex Monteiro"]
[Black "Vaz, Vania Dora Madona"]
[Result "1-0"]
[WhiteElo "1616"]
[BlackElo "1267"]
[PlyCount "57"]
[EventDate "2023.01.23"]
[EventRounds "10"]
[EventCountry "BRA"]

1. e4 e6 2. d4 d5 3. e5 c5 4. c3 Nc6 5. Nf3 Qb6 6. a3 Nh6 7. b4 cxd4 8. cxd4
Nf5 9. Bb2 Be7 10. Bd3 Bd7 11. Bxf5 exf5 12. Nc3 Be6 13. O-O f6 14. Rc1 O-O 15.
Re1 Rad8 16. Qd2 fxe5 17. dxe5 a6 18. Ne2 h6 19. Nf4 Bc8 20. Ng6 Rfe8 21. Qf4
d4 22. e6 Rd5 23. Nxe7+ Rxe7 24. Nxd4 g5 25. Nxc6 bxc6 26. Qc4 Rxe6 27. Rxe6
Bxe6 28. Qc3 Qc7 29. Qh8+ 1-0

[Event "IX Floripa Chess Open Fort Atacadista"]
[Site "Florianópolis - Santa Catari"]
[Date "2023.01.27"]
[Round "7.210"]
[White "Usui, Gabriella Yumi"]
[Black "Soares, Suyane"]
[Result "0-1"]
[WhiteElo "1550"]
[BlackElo "1250"]
[PlyCount "130"]
[EventDate "2023.01.23"]
[EventRounds "10"]
[EventCountry "BRA"]

1. d4 d5 2. Nf3 e6 3. c4 Nf6 4. g3 Be7 5. Bg2 O-O 6. O-O dxc4 7. Qc2 a6 8. a4
c6 9. Qxc4 b5 10. Qc2 Bb7 11. Rd1 Nbd7 12. Ne5 Nxe5 13. dxe5 Nd5 14. Nc3 Qb6
15. a5 Qc5 16. Bxd5 cxd5 17. Be3 Qc7 18. Qd3 Qxe5 19. Bf4 Qh5 20. f3 Rac8 21.
Kg2 Rfd8 22. g4 Qh4 23. Bg3 Qh6 24. e3 Bc5 25. Bf4 Qf6 26. h4 Qe7 27. Ne2 e5
28. Bg3 e4 29. fxe4 dxe4 30. Qb3 Bd5 31. Rxd5 Rxd5 32. Qxd5 Bxe3 33. Nc3 Qb4
34. Ra2 Re8 35. Qc6 Re6 36. Qc8+ Qf8 37. Qb7 Qb4 38. Nd5 Qd2+ 39. Kh3 Re8 40.
Qc6 Rd8 41. Nxe3 Qxe3 42. Qb6 Qd3 43. Ra3 Qf1+ 44. Kh2 Rd2+ 45. Qf2 Rxf2+ 46.
Bxf2 Qxf2+ 47. Kh3 Qxb2 48. Re3 Qd4 49. Rg3 g6 50. h5 Qa1 51. Re3 Qh1+ 52. Kg3
gxh5 53. gxh5 Qxh5 54. Rxe4 Qd5 55. Rg4+ Kf8 56. Rh4 Qa2 57. Rxh7 Qxa5 58. Kf4
Qb4+ 59. Kg5 Ke8 60. Kf6 Qf4+ 61. Kg7 Qg5+ 62. Kh8 b4 63. Rh6 Qxh6+ 64. Kg8
Qg5+ 65. Kh8 Kf8 0-1

[Event "IX Floripa Chess Open Fort Atacadista"]
[Site "Florianópolis - Santa Catari"]
[Date "2023.01.27"]
[Round "7.211"]
[White "Navarro Canete, Facundo Javier"]
[Black "Belina, Jose Carlos Fernand"]
[Result "0-1"]
[WhiteElo "1148"]
[BlackElo "1546"]
[PlyCount "56"]
[EventDate "2023.01.23"]
[EventRounds "10"]
[EventCountry "BRA"]

1. e4 e5 2. Nf3 Nc6 3. d4 exd4 4. Nxd4 Nf6 5. Nc3 Bb4 6. Bg5 h6 7. Nxc6 bxc6 8.
Bxf6 Qxf6 9. Qd2 O-O 10. Be2 d5 11. exd5 cxd5 12. a3 Ba5 13. O-O-O c6 14. Bf3
Rb8 15. Qd4 Qe7 16. Rhe1 Qb7 17. b3 Be6 18. Re2 Bd8 19. Kd2 Bf6 20. Qd3 Qc7 21.
g3 Qa5 22. b4 Qxa3 23. Rb1 Rxb4 24. Ree1 Rxb1 25. Rxb1 Qa5 26. Rb3 d4 27. Bxc6
dxc3+ 28. Ke2 Bxb3 0-1

[Event "IX Floripa Chess Open Fort Atacadista"]
[Site "Florianópolis - Santa Catari"]
[Date "2023.01.27"]
[Round "7.212"]
[White "Nobre, Jose Adalberto Barb"]
[Black "Tischler Lema Garcia, Maria Eduarda"]
[Result "1/2-1/2"]
[WhiteElo "1542"]
[BlackElo "1246"]
[PlyCount "79"]
[EventDate "2023.01.23"]
[EventRounds "10"]
[EventCountry "BRA"]

1. e4 c5 2. Nf3 e6 3. d3 d5 4. Nbd2 Nd7 5. g3 dxe4 6. dxe4 Ngf6 7. Bg2 Be7 8.
O-O O-O 9. Re1 b6 10. b3 Bb7 11. Bb2 Qc7 12. c4 Rac8 13. Qc2 Rfd8 14. Rad1 a6
15. h3 b5 16. e5 Ne8 17. Ne4 Nb6 18. Neg5 g6 19. h4 Rxd1 20. Rxd1 Ng7 21. Ne4
Rd8 22. Rxd8+ Qxd8 23. cxb5 Bxe4 24. Qxe4 axb5 25. Qe2 Qd7 26. Nd2 b4 27. Ne4
Qc7 28. Qd2 c4 29. bxc4 Nxc4 30. Qc2 Ne8 31. Bf1 Nxb2 32. Qxb2 Qc6 33. Bg2 Qb6
34. Kh2 Nc7 35. Qd2 Nd5 36. Qc2 Kg7 37. Qb2 Qa5 38. Bh1 Qa3 39. Qc2 h6 40. Bg2
1/2-1/2

[Event "IX Floripa Chess Open Fort Atacadista"]
[Site "Florianópolis - Santa Catari"]
[Date "2023.01.27"]
[Round "7.213"]
[White "Ludtke, Ezequiel Rodrigues"]
[Black "Guerra, Frederico Cavalcant"]
[Result "0-1"]
[WhiteElo "1538"]
[BlackElo "1239"]
[PlyCount "82"]
[EventDate "2023.01.23"]
[EventRounds "10"]
[EventCountry "BRA"]

1. e4 e6 2. d4 d5 3. Nd2 Nf6 4. Bd3 c5 5. c3 Nc6 6. Ngf3 Be7 7. h4 cxd4 8. cxd4
Bb4 9. e5 Nd7 10. a3 Ba5 11. b4 Bb6 12. Bb2 f6 13. Qe2 fxe5 14. dxe5 Ne7 15.
Ng5 Nf8 16. Qf3 Nf5 17. g4 h6 18. gxf5 hxg5 19. fxe6 Bxe6 20. hxg5 Rxh1+ 21.
Qxh1 Qxg5 22. Nf3 Qh6 23. Qg1 O-O-O 24. Bc1 Qh8 25. Ng5 g6 26. Bf4 Bd4 27. Rc1+
Kb8 28. Nxe6 Nxe6 29. Qxg6 Nxf4 30. Qf5 Nxd3+ 31. Qxd3 Qxe5+ 32. Kf1 Rh8 33.
Qf3 Qe4 34. Qxe4 dxe4 35. Rc4 Rd8 36. Ke2 Bb2 37. Rxe4 Bxa3 38. f4 Bb2 39. Ke3
Kc7 40. f5 Rd7 41. Rf4 Bc1+ 0-1

[Event "IX Floripa Chess Open Fort Atacadista"]
[Site "Florianópolis - Santa Catari"]
[Date "2023.01.27"]
[Round "7.214"]
[White "Oliveira, Sara Beatris Silva"]
[Black "Esquinelato, Marcos Vinicius Mol"]
[Result "1/2-1/2"]
[WhiteElo "1535"]
[BlackElo "1237"]
[PlyCount "79"]
[EventDate "2023.01.23"]
[EventRounds "10"]
[EventCountry "BRA"]

1. d4 d5 2. c4 e6 3. Nc3 Nf6 4. cxd5 exd5 5. Bg5 Be7 6. e3 Nbd7 7. Bd3 h6 8.
Bh4 O-O 9. Nge2 Qe8 10. O-O a6 11. Qc2 b5 12. Rac1 Bd6 13. a3 Bb7 14. Bg3 Qe7
15. Rfe1 Rfe8 16. a4 b4 17. Na2 Rac8 18. a5 Ne4 19. Bxe4 dxe4 20. Qc4 c5 21.
dxc5 Bxc5 22. Qb3 Nf6 23. Nf4 g5 24. Ng6 Qd7 25. Red1 Qf5 26. Ne5 Rxe5 27. Bxe5
Qxe5 28. Nxb4 Ng4 29. g3 Qf5 30. Rc2 Ne5 31. Nd5 Nf3+ 32. Kg2 Bxd5 33. Rxd5 Qe6
34. Rcxc5 Rxc5 35. Rd8+ Kg7 36. Qb8 Rc1 37. Rg8+ Kf6 38. Qd8+ Kf5 39. Kh3 Ke5+
40. g4 1/2-1/2

[Event "IX Floripa Chess Open Fort Atacadista"]
[Site "Florianópolis - Santa Catari"]
[Date "2023.01.27"]
[Round "7.215"]
[White "Matsunaga, Lange Cristina"]
[Black "Amorim Filho, Robson Bezerra"]
[Result "1-0"]
[WhiteElo "1479"]
[BlackElo "1216"]
[PlyCount "53"]
[EventDate "2023.01.23"]
[EventRounds "10"]
[EventCountry "BRA"]

1. e4 c5 2. Nf3 d6 3. d4 cxd4 4. Nxd4 Nf6 5. Nc3 a6 6. h3 e6 7. Bd3 Qc7 8. Be3
Nc6 9. a3 b5 10. O-O Bb7 11. f4 Be7 12. Nf3 Rc8 13. Qe2 O-O 14. Bf2 Nd7 15. Bg3
Bf6 16. Rad1 Bxc3 17. bxc3 Na5 18. e5 dxe5 19. fxe5 h6 20. Bf4 Nc5 21. Qf2 Bxf3
22. Qxf3 Nxd3 23. Rxd3 Nc4 24. Bxh6 gxh6 25. Qg4+ Kh8 26. Qh5 Kh7 27. Rf6 1-0

[Event "IX Floripa Chess Open Fort Atacadista"]
[Site "Florianópolis - Santa Catari"]
[Date "2023.01.27"]
[Round "7.216"]
[White "De Lima, Lucas Taveira"]
[Black "Roeder, Larissa Taina"]
[Result "1-0"]
[WhiteElo "1437"]
[BlackElo "1209"]
[PlyCount "89"]
[EventDate "2023.01.23"]
[EventRounds "10"]
[EventCountry "BRA"]

1. c4 c5 2. Nf3 e6 3. e4 Nc6 4. Nc3 d6 5. d4 cxd4 6. Nxd4 e5 7. Nf3 Nf6 8. Bg5
Be7 9. Bxf6 Bxf6 10. Nd5 O-O 11. Be2 Bg4 12. O-O Bxf3 13. Bxf3 Nd4 14. b4 b6
15. Bg4 a5 16. a3 g6 17. Rb1 Bg7 18. Bh3 Rb8 19. g3 Re8 20. Kh1 Rf8 21. f4 f5
22. exf5 Nxf5 23. fxe5 Bxe5 24. Bxf5 Rxf5 25. Rxf5 gxf5 26. Qh5 Qf8 27. Qxf5
Qxf5 28. Ne7+ Kf7 29. Nxf5 Rc8 30. bxa5 bxa5 31. Rb5 Rxc4 32. Rxa5 Ke6 33. Ne3
Re4 34. Nc2 Re2 35. Nb4 Bc3 36. Ra8 Rb2 37. Nd3 Ra2 38. Ra7 d5 39. Rxh7 Rxa3
40. Nf4+ Kf6 41. Rh6+ Ke5 42. Rh5+ Ke4 43. Nxd5 Kf3 44. Rf5+ Kg4 45. Ne3+ 1-0

[Event "IX Floripa Chess Open Fort Atacadista"]
[Site "Florianópolis - Santa Catari"]
[Date "2023.01.27"]
[Round "7.217"]
[White "Bisconsin, Raul"]
[Black "Rey, Antonio"]
[Result "0-1"]
[WhiteElo "1092"]
[BlackElo "1434"]
[PlyCount "110"]
[EventDate "2023.01.23"]
[EventRounds "10"]
[EventCountry "BRA"]

1. e4 e6 2. d4 d5 3. Nc3 Nf6 4. e5 Nfd7 5. f4 c5 6. Nf3 a6 7. Be3 Nc6 8. Bd3
Qb6 9. Na4 Qa5+ 10. c3 cxd4 11. b4 Qc7 12. Nxd4 b5 13. Nb2 Be7 14. O-O O-O 15.
Qh5 g6 16. Qh6 Re8 17. f5 Bf8 18. Qg5 Ndxe5 19. fxg6 fxg6 20. Nxc6 Nxd3 21.
Nxd3 Qxc6 22. Qf6 Bg7 23. Qf7+ Kh8 24. Bd4 Bxd4+ 25. cxd4 Qd7 26. Ne5 Qxf7 27.
Nxf7+ Kg7 28. Nd6 Rf8 29. Rxf8 Kxf8 30. Rf1+ Ke7 31. Nf7 a5 32. a3 axb4 33.
axb4 Ra4 34. Ng5 Rxb4 35. Rf7+ Kd6 36. Rf4 Rb1+ 37. Rf1 Rxf1+ 38. Kxf1 h5 39.
Nf7+ Ke7 40. Ne5 Kf6 41. Ke2 Kf5 42. Kf3 b4 43. g4+ hxg4+ 44. Nxg4 b3 45. Ne3+
Kg5 46. Nd1 e5 47. dxe5 Bg4+ 48. Ke3 Bxd1 49. h4+ Kxh4 50. e6 b2 51. e7 Ba4 52.
Kd4 b1=Q 53. Kxd5 Qb6 54. Ke5 Qc6 55. Kd4 Qe6 0-1

[Event "IX Floripa Chess Open Fort Atacadista"]
[Site "Florianópolis - Santa Catari"]
[Date "2023.01.27"]
[Round "7.218"]
[White "Monteiro, Helen Ramazzotte"]
[Black "De Fassio, Davi Dos Santos"]
[Result "1-0"]
[WhiteElo "1412"]
[BlackElo "1200"]
[PlyCount "61"]
[EventDate "2023.01.23"]
[EventRounds "10"]
[EventCountry "BRA"]

1. c4 e5 2. Nc3 Nf6 3. Nf3 Nc6 4. g3 d5 5. cxd5 Nxd5 6. d3 Nb6 7. Bg2 Be7 8.
O-O O-O 9. a3 Be6 10. b4 a6 11. Rb1 f5 12. Bd2 f4 13. Qc2 fxg3 14. fxg3 Bg4 15.
Qa2+ Kh8 16. Ne4 Nd4 17. Bc3 Nxe2+ 18. Qxe2 Re8 19. Bxe5 Bf6 20. Bxf6 gxf6 21.
Qc2 Nd5 22. Qd2 Bxf3 23. Rxf3 Kg7 24. Rbf1 Re6 25. Nc5 Rc6 26. Rf5 Rd6 27. Bxd5
Rxd5 28. Ne6+ Kh8 29. Nxd8 Rdxd8 30. Rxf6 Kg8 31. Qh6 1-0

[Event "IX Floripa Chess Open Fort Atacadista"]
[Site "Florianópolis - Santa Catari"]
[Date "2023.01.27"]
[Round "7.219"]
[White "Bernardo, Henrique Carvalho"]
[Black "Kim, Andre"]
[Result "1-0"]
[WhiteElo "1405"]
[BlackElo "1198"]
[PlyCount "93"]
[EventDate "2023.01.23"]
[EventRounds "10"]
[EventCountry "BRA"]

1. e4 e5 2. Nf3 Nc6 3. Bc4 d6 4. d4 exd4 5. Nxd4 Bd7 6. O-O Nf6 7. Nc3 Be7 8.
h3 O-O 9. Be3 a6 10. a4 Nxd4 11. Bxd4 Be6 12. Bxe6 fxe6 13. e5 Nd7 14. Qg4 dxe5
15. Qxe6+ Kh8 16. Bxe5 Nxe5 17. Qxe5 Bf6 18. Qg3 Qd7 19. Rad1 Qc6 20. Rfe1 Bxc3
21. Qxc3 Qxc3 22. bxc3 Rf7 23. f3 Kg8 24. Rd4 Kf8 25. Red1 Ke8 26. Kf2 c6 27.
c4 Rc8 28. g4 Rcc7 29. Re4+ Rce7 30. Rde1 Rxe4 31. Rxe4+ Re7 32. Ke2 b5 33.
cxb5 cxb5 34. axb5 axb5 35. Rxe7+ Kxe7 36. h4 Kd6 37. Kd3 h6 38. h5 Kc6 39. f4
Kd6 40. g5 Ke6 41. gxh6 gxh6 42. Ke4 Kf6 43. f5 Kg5 44. Ke5 Kxh5 45. f6 Kg4 46.
f7 h5 47. f8=Q 1-0

[Event "IX Floripa Chess Open Fort Atacadista"]
[Site "Florianópolis - Santa Catari"]
[Date "2023.01.27"]
[Round "7.222"]
[White "Biazon, Natalia De Oliveira"]
[Black "Monteiro, Samuel Ramazzotte"]
[Result "1/2-1/2"]
[WhiteElo "1813"]
[BlackElo "1385"]
[PlyCount "96"]
[EventDate "2023.01.23"]
[EventRounds "10"]
[EventCountry "BRA"]

1. d4 d5 2. Bf4 e6 3. e3 Bd6 4. Bxd6 Qxd6 5. c4 Qb4+ 6. Qd2 Qxd2+ 7. Nxd2 Nf6
8. cxd5 exd5 9. Ngf3 c6 10. Bd3 Bg4 11. O-O Nbd7 12. Rfe1 O-O 13. h3 Bh5 14.
Rac1 Rfe8 15. Be2 Ne4 16. Nxe4 dxe4 17. Nd2 Bxe2 18. Rxe2 Nb6 19. Nc4 Nxc4 20.
Rxc4 Rad8 21. Rb4 Rd7 22. Rc4 Rd5 23. Rb4 Re7 24. Ra4 a5 25. b4 b6 26. bxa5
bxa5 27. Rc2 Rc7 28. Rc5 Rxc5 29. dxc5 Ra7 30. Rxe4 f5 31. Re6 Rc7 32. Re8+ Kf7
33. Ra8 Rb7 34. Rxa5 Ke6 35. Kf1 Kd5 36. Ke2 g5 37. a3 Rb2+ 38. Kf3 h5 39. a4
g4+ 40. hxg4 hxg4+ 41. Kg3 Kc4 42. Ra6 Kxc5 43. Ra5+ Kb4 44. Rxf5 Kxa4 45. Rf4+
Rb4 46. Rf5 Rb5 47. Rf4+ Rb4 48. Rf5 Rb5 1/2-1/2

[Event "IX Floripa Chess Open Fort Atacadista"]
[Site "Florianópolis - Santa Catari"]
[Date "2023.01.27"]
[Round "7.223"]
[White "Fanckin, Murilo"]
[Black "De Bortolo, Artur Mattos"]
[Result "1-0"]
[WhiteElo "1384"]
[BlackElo "1181"]
[PlyCount "29"]
[EventDate "2023.01.23"]
[EventRounds "10"]
[EventCountry "BRA"]

1. d4 Nf6 2. c4 g6 3. Nc3 Bg7 4. Nf3 O-O 5. e3 d6 6. Bd3 Nbd7 7. O-O e5 8. Bc2
Re8 9. Re1 c6 10. b3 Qc7 11. Bb2 Nf8 12. Rc1 e4 13. Nd2 Bf5 14. Ne2 Qd7 15. Ng3
1-0

[Event "IX Floripa Chess Open Fort Atacadista"]
[Site "Florianópolis - Santa Catari"]
[Date "2023.01.27"]
[Round "7.224"]
[White "Nunes, Lilia"]
[Black "Mariani, Kim Paul"]
[Result "0-1"]
[WhiteElo "1800"]
[BlackElo "1382"]
[PlyCount "70"]
[EventDate "2023.01.23"]
[EventRounds "10"]
[EventCountry "BRA"]

1. c4 e6 2. e4 c5 3. d3 Nc6 4. Nc3 Nf6 5. g3 d5 6. exd5 exd5 7. Bg2 d4 8. Ne4
Bf5 9. Bg5 Be7 10. Bf4 O-O 11. Ne2 Nxe4 12. dxe4 Be6 13. b3 d3 14. Nc3 Nb4 15.
O-O Bg5 16. Bxg5 Qxg5 17. a3 Bg4 18. Bf3 Bxf3 19. Qxf3 Nc2 20. Ra2 Qd2 21. Nb5
Nd4 22. Nxd4 Qxa2 23. Nb5 Qxb3 24. Rd1 Qxc4 25. Nd6 Qe6 26. Rxd3 Qe7 27. Qf5
Rfd8 28. Qxc5 b6 29. Qc6 Qd7 30. Qc4 Rac8 31. Nxc8 Qxd3 32. Ne7+ Kf8 33. Qc7
Qb1+ 34. Kg2 Qxe4+ 35. f3 Qe2+ 0-1

[Event "IX Floripa Chess Open Fort Atacadista"]
[Site "Florianópolis - Santa Catari"]
[Date "2023.01.27"]
[Round "7.225"]
[White "Spagnollo, Pedro Henrique"]
[Black "Altenhofen, Guilherme Graneto"]
[Result "0-1"]
[WhiteElo "1379"]
[BlackElo "1146"]
[PlyCount "52"]
[EventDate "2023.01.23"]
[EventRounds "10"]
[EventCountry "BRA"]

1. d4 d5 2. c4 e6 3. Nf3 Nf6 4. g3 Nbd7 5. Bg2 Be7 6. O-O O-O 7. Nbd2 b6 8. Qc2
Bb7 9. e4 dxc4 10. e5 Nd5 11. Qxc4 Rc8 12. Qe2 c5 13. Nb3 cxd4 14. Nbxd4 Nc5
15. Nc2 Ba6 16. Qd1 Bxf1 17. Qxf1 Qd7 18. Ne3 Rfd8 19. Bh1 Nxe3 20. Bxe3 Qd3
21. Qh3 Qc2 22. Nd4 Qxb2 23. Nb3 Nxb3 24. Be4 Qxa1+ 25. Kg2 g6 26. axb3 Qxe5
0-1

[Event "IX Floripa Chess Open Fort Atacadista"]
[Site "Florianópolis - Santa Catari"]
[Date "2023.01.27"]
[Round "7.226"]
[White "Colombo, Pedro Henrique"]
[Black "Silva, Allan De Souza"]
[Result "1-0"]
[WhiteElo "1378"]
[BlackElo "1813"]
[PlyCount "69"]
[EventDate "2023.01.23"]
[EventRounds "10"]
[EventCountry "BRA"]

1. e4 c5 2. Nf3 d6 3. d4 cxd4 4. Nxd4 Nf6 5. Nc3 g6 6. Be3 Bg7 7. Be2 O-O 8.
Qd2 Nc6 9. Nxc6 bxc6 10. Bh6 Qb6 11. Bxg7 Kxg7 12. O-O Qxb2 13. Rab1 Qa3 14.
Rb3 Qc5 15. Rfb1 Qe5 16. f3 Nd7 17. f4 Qc5+ 18. Kh1 Nb6 19. Nd1 d5 20. Rc3 Qd6
21. Qd4+ f6 22. e5 fxe5 23. fxe5 Qe6 24. Nf2 Rf5 25. Nd3 Nd7 26. Bg4 Kg8 27.
Bxf5 Qxf5 28. Rxc6 Nb6 29. Rcxb6 axb6 30. Qxd5+ Be6 31. Qxa8+ Kg7 32. Qf3 Qg5
33. Rf1 Bf5 34. Nf4 Kg8 35. Qa8+ 1-0

[Event "IX Floripa Chess Open Fort Atacadista"]
[Site "Florianópolis - Santa Catari"]
[Date "2023.01.27"]
[Round "7.227"]
[White "Chagas, Gefster"]
[Black "Da Luz, Fabio Rodolfo"]
[Result "1-0"]
[WhiteElo "1752"]
[BlackElo "1373"]
[PlyCount "50"]
[EventDate "2023.01.23"]
[EventRounds "10"]
[EventCountry "BRA"]

1. f4 g6 2. d4 d5 3. Nf3 Bg7 4. e3 Nf6 5. Bd3 O-O 6. O-O Nc6 7. c4 e6 8. a3 Re8
9. Nc3 dxc4 10. Bxc4 a6 11. Ba2 b6 12. Ne2 Bb7 13. Ng3 a5 14. Bd2 Nd5 15. Rc1
Nde7 16. Bb1 Nd5 17. h4 f5 18. Ng5 Bf6 19. Ba2 h6 20. Nf3 Bxh4 21. Nxh4 Qxh4
22. Qe1 Kg7 23. Nxf5+ exf5 24. Qxh4 Nxe3 25. Bxe3 Rxe3 1-0

[Event "IX Floripa Chess Open Fort Atacadista"]
[Site "Florianópolis - Santa Catari"]
[Date "2023.01.27"]
[Round "7.228"]
[White "Abdalla, Umar Mohammad"]
[Black "De Almeida, Leticia Moraes"]
[Result "1-0"]
[WhiteElo "1372"]
[BlackElo "1731"]
[PlyCount "65"]
[EventDate "2023.01.23"]
[EventRounds "10"]
[EventCountry "BRA"]

1. d4 d5 2. c4 Nf6 3. Nc3 dxc4 4. e3 Bf5 5. Bxc4 e6 6. Nf3 Bd6 7. O-O O-O 8. h3
Nc6 9. Bd3 Bxd3 10. Qxd3 Nb4 11. Qd1 c5 12. a3 Nc6 13. Re1 cxd4 14. exd4 Re8
15. Bg5 h6 16. Bh4 Be7 17. Rc1 Nd5 18. Bxe7 Rxe7 19. Nxd5 Qxd5 20. Rc5 Qd6 21.
Qc2 Nxd4 22. Nxd4 Qxd4 23. Rd1 Qf6 24. Rc8+ Re8 25. Rc7 b6 26. Rdd7 Rf8 27.
Rxa7 Rac8 28. Rac7 Rxc7 29. Rxc7 Rb8 30. Rc6 Qf5 31. Qb3 Qd5 32. Qc3 Kf8 33.
Rc7 1-0

[Event "IX Floripa Chess Open Fort Atacadista"]
[Site "Florianópolis - Santa Catari"]
[Date "2023.01.27"]
[Round "7.229"]
[White "Ferreira De Souza, Ricardo"]
[Black "Motta, Agahta Dos Santos"]
[Result "1-0"]
[WhiteElo "1365"]
[BlackElo "1704"]
[PlyCount "45"]
[EventDate "2023.01.23"]
[EventRounds "10"]
[EventCountry "BRA"]

1. e4 c5 2. Nf3 g6 3. d4 cxd4 4. Nxd4 Bg7 5. Be3 Nc6 6. Nc3 Nf6 7. Bb5 O-O 8.
Qd2 d5 9. Bh6 Nxd4 10. Bxg7 Nxb5 11. Bxf8 Nxc3 12. Qxc3 Qxf8 13. e5 Ne4 14. Qd4
h5 15. Qxd5 Bf5 16. f3 e6 17. Qd4 Rd8 18. Qxa7 Qb4+ 19. Ke2 Qd2+ 20. Kf1 Nc5
21. Qxc5 Bxc2 22. Qf2 Bd3+ 23. Kg1 1-0

[Event "IX Floripa Chess Open Fort Atacadista"]
[Site "Florianópolis - Santa Catari"]
[Date "2023.01.27"]
[Round "7.237"]
[White "Coutinho, Lucas Buss Soares"]
[Black "De Almeida, Olivan Duarte"]
[Result "1-0"]
[WhiteElo "1099"]
[BlackElo "1516"]
[PlyCount "121"]
[EventDate "2023.01.23"]
[EventRounds "10"]
[EventCountry "BRA"]

1. e4 e5 2. Nf3 Nc6 3. Bb5 a6 4. Ba4 Nf6 5. O-O b5 6. Bb3 Be7 7. c3 Nxe4 8. Re1
Nc5 9. Bc2 O-O 10. Nxe5 Nxe5 11. Rxe5 g6 12. d4 Ne6 13. Be4 Rb8 14. Bf3 Bd6 15.
Re1 Qf6 16. Nd2 Ng5 17. Bd5 Qf4 18. Nf1 Qh4 19. Qd2 Ne6 20. Qh6 Qxh6 21. Bxh6
Re8 22. Ng3 Bb7 23. Bb3 Bf4 24. Bxe6 Bxh6 25. Bxd7 Red8 26. Bg4 f5 27. Bf3 Bxf3
28. gxf3 Re8 29. d5 Kf7 30. Kf1 Rbd8 31. Rxe8 Kxe8 32. Rd1 Ke7 33. b3 Rd6 34.
c4 bxc4 35. bxc4 Rb6 36. Ne2 Kd6 37. Nc3 Rb4 38. Rd4 Bg7 39. Rd3 Rxc4 40. Ne2
Rc5 41. Ra3 a5 42. Nf4 Be5 43. Ra4 Bxf4 44. Rxf4 Kxd5 45. Rh4 h5 46. Rh3 a4 47.
Rg3 Rc6 48. f4 Ke4 49. Ra3 Rc4 50. Rg3 Rc6 51. Ra3 Ra6 52. Rc3 c6 53. Rg3 c5
54. Ke2 Kxf4 55. Rc3 Ra5 56. h4 Ke4 57. Rc4+ Kd5 58. Rc3 c4 59. Rg3 Ra6 60. Kd2
Rb6 61. Ra3 1-0

[Event "IX Floripa Chess Open Fort Atacadista"]
[Site "Florianópolis - Santa Catari"]
[Date "2023.01.27"]
[Round "7.238"]
[White "Santana, Expedito"]
[Black "Vieira, Luiza Lessing"]
[Result "1-0"]
[WhiteElo "1421"]
[BlackElo "1231"]
[PlyCount "32"]
[EventDate "2023.01.23"]
[EventRounds "10"]
[EventCountry "BRA"]

1. b4 d5 2. Bb2 Bf5 3. Nf3 e6 4. g3 Nf6 5. a3 Be7 6. Bg2 a6 7. O-O c5 8. bxc5
Bxc5 9. d3 O-O 10. Nbd2 Nc6 11. c4 d4 12. Ng5 Rc8 13. Nde4 Nxe4 14. Nxe4 Ba7
15. a4 Ne5 16. Ba3 Re8 1-0

[Event "IX Floripa Chess Open Fort Atacadista"]
[Site "Florianópolis - Santa Catari"]
[Date "2023.01.27"]
[Round "7.239"]
[White "Do Amaral E Silva, Larissa Blue"]
[Black "Weba Filho, Emilio Cesar"]
[Result "1-0"]
[WhiteElo "1378"]
[BlackElo "1081"]
[PlyCount "43"]
[EventDate "2023.01.23"]
[EventRounds "10"]
[EventCountry "BRA"]

1. e4 e6 2. d4 d5 3. Nc3 Bb4 4. exd5 exd5 5. h3 Nf6 6. Nf3 Ne4 7. Bd2 Nxc3 8.
bxc3 Bd6 9. Be2 O-O 10. O-O Re8 11. c4 c5 12. c3 Be6 13. cxd5 Bxd5 14. c4 Be4
15. Be3 cxd4 16. Bxd4 Nc6 17. Be3 b6 18. Ng5 Bg6 19. Bh5 h6 20. Bxg6 hxg5 21.
Qd5 Kf8 22. Qxf7# 1-0

[Event "IX Floripa Chess Open Fort Atacadista"]
[Site "Florianópolis - Santa Catari"]
[Date "2023.01.27"]
[Round "7.240"]
[White "Nunes, Nicole"]
[Black "Spieker, Otavio Schmidt"]
[Result "0-1"]
[WhiteElo "1014"]
[BlackElo "1352"]
[PlyCount "68"]
[EventDate "2023.01.23"]
[EventRounds "10"]
[EventCountry "BRA"]

1. d4 d5 2. Bf4 Nf6 3. Nf3 e6 4. h3 Nbd7 5. e3 a6 6. Be2 Be7 7. O-O O-O 8. c4
c5 9. Nbd2 h6 10. cxd5 exd5 11. Bd3 c4 12. Bc2 b5 13. e4 dxe4 14. Nxe4 Bb7 15.
Nxf6+ Bxf6 16. Qd2 g5 17. Bd6 Re8 18. b3 Be7 19. Bh2 Bxf3 20. gxf3 cxb3 21.
axb3 Nf8 22. f4 Bd6 23. fxg5 Bxh2+ 24. Kxh2 hxg5 25. Rg1 Ng6 26. Rxg5 Qd6+ 27.
Kh1 Kf8 28. Bxg6 fxg6 29. Rag1 Re6 30. f4 Rae8 31. h4 Re2 32. Qd1 R8e3 33. Qf1
Qc6+ 34. R5g2 Rh3# 0-1

[Event "IX Floripa Chess Open Fort Atacadista"]
[Site "Florianópolis - Santa Catari"]
[Date "2023.01.27"]
[Round "7.241"]
[White "Nunes, Alice"]
[Black "Zottis, Ernani"]
[Result "1/2-1/2"]
[WhiteElo "1800"]
[BlackElo "1352"]
[PlyCount "125"]
[EventDate "2023.01.23"]
[EventRounds "10"]
[EventCountry "BRA"]

1. d4 d5 2. Bf4 b6 3. Nf3 Bb7 4. e3 e6 5. Bd3 Bd6 6. Bg3 Nc6 7. Bb5 Nge7 8.
Nbd2 Nf5 9. Ne5 Bxe5 10. Bxe5 O-O 11. Bg3 Nd6 12. Bxc6 Bxc6 13. O-O Bb5 14.
Bxd6 Qxd6 15. Re1 f5 16. f4 c5 17. a4 Ba6 18. b3 cxd4 19. exd4 Qxf4 20. Nf3 Qd6
21. Ng5 Rf6 22. Qh5 h6 23. Nf3 Rc8 24. Rac1 Qf4 25. Qh4 Qxh4 26. Nxh4 Rc6 27.
g3 f4 28. gxf4 Rxf4 29. Ng2 Rf6 30. Re3 Rc8 31. c3 Rcf8 32. Ree1 Bd3 33. c4
dxc4 34. bxc4 Rd8 35. c5 bxc5 36. dxc5 Ba6 37. c6 Rdf8 38. c7 Rg6 39. Rc2 Bb7
40. Rd1 Bc8 41. Rd8 e5 42. Rcd2 Rgf6 43. Rxf8+ Rxf8 44. Rd8 Kf7 45. Rxf8+ Kxf8
46. Nh4 Ke8 47. Ng6 Kd7 48. Nxe5+ Kxc7 49. h4 Kd6 50. Nc4+ Kc5 51. Na5 a6 52.
Kf2 Kb4 53. Nc6+ Kxa4 54. Ke2 Kb5 55. Nd4+ Kc4 56. Nc6 Bb7 57. Na5+ Kb4 58.
Nxb7 a5 59. Nxa5 Kxa5 60. Kf3 Kb5 61. Kf4 g5+ 62. hxg5 hxg5+ 63. Kxg5 1/2-1/2

[Event "IX Floripa Chess Open Fort Atacadista"]
[Site "Florianópolis - Santa Catari"]
[Date "2023.01.27"]
[Round "7.242"]
[White "Calsing, Enzo Guedes"]
[Black "Telles, Arnoldo Beber"]
[Result "1-0"]
[WhiteElo "1316"]
[BlackElo "1060"]
[PlyCount "79"]
[EventDate "2023.01.23"]
[EventRounds "10"]
[EventCountry "BRA"]

1. d4 d5 2. c4 c6 3. Nc3 Nf6 4. Nf3 dxc4 5. e3 b5 6. a4 a6 7. axb5 cxb5 8. Nxb5
axb5 9. Rxa8 Na6 10. Bxc4 bxc4 11. Qa4+ Nd7 12. Ne5 e6 13. Nxd7 Ke7 14. Nxf8
Rxf8 15. Rxa6 Bxa6 16. Qxa6 Qc8 17. Qxc8 Rxc8 18. Bd2 Ra8 19. Ke2 Kd6 20. Rc1
Kd5 21. f3 f5 22. g4 g6 23. gxf5 gxf5 24. Rg1 Ra2 25. Bc3 Ra7 26. Rg8 Kc6 27.
e4 fxe4 28. fxe4 Kb5 29. Re8 Ra6 30. Re7 h6 31. Rh7 Ka4 32. Rxh6 Kb3 33. d5 Rb6
34. Rxe6 Rxe6 35. dxe6 Kc2 36. e7 Kb3 37. Kd2 Ka2 38. Kc2 Ka1 39. e8=Q Ka2 40.
Qa8# 1-0